[Event "SLO-chT sf"]
[Site "Slovenia"]
[Date "1996.??.??"]
[Round "4"]
[White "Marn, A."]
[Black "Praznik, Niko"]
[Result "0-1"]
[WhiteElo "1670"]
[BlackElo "2145"]
[PlyCount "50"]
[EventDate "1996.??.??"]
[EventType "team"]
[EventRounds "7"]
[EventCountry "SLO"]
[SourceTitle "EXT 1997"]
[Source "ChessBase"]
[SourceDate "1996.11.15"]
[SourceVersion "1"]
[SourceVersionDate "1996.11.15"]
[SourceQuality "1"]

1. e4 c5 2. Nf3 Nc6 3. d4 cxd4 4. Nxd4 e5 5. Nb3 Nf6 6. Bg5 Bb4+ 7. c3 Be7 8. Bxf6 Bxf6 9. Bc4 0-0 10. 0-0 d6 11. Qd3 Be6 12. Bd5 Qc7 13. Na3 a6 14. Rad1 Rad8 15. Qf3 Ne7 16. Bxe6 fxe6 17. c4 Nc6 18. Rd2 Bg5 19. Qh3 Bxd2 20. Qxe6+ Kh8 21. Nxd2 Nd4 22. Qg4 Rf6 23. Ndb1 Rg6 24. Qd1 Qd7 25. Nc3 Qh3 0-1

[Event "Kranj op U18"]
[Site "Kranj"]
[Date "1995.??.??"]
[Round "5"]
[White "Hari, Veronika"]
[Black "Marn, A."]
[Result "0-1"]
[WhiteElo "1645"]
[BlackElo "1795"]
[PlyCount "50"]
[EventDate "1995.??.??"]
[EventType "swiss (rapid)"]
[EventRounds "9"]
[EventCountry "SLO"]
[SourceTitle "EXT 1998"]
[Source "ChessBase"]
[SourceDate "1997.11.17"]
[SourceVersion "1"]
[SourceVersionDate "1997.11.17"]
[SourceQuality "1"]

1. e4 d6 2. d4 Nf6 3. Nc3 g6 4. Nf3 Bg7 5. Bc4 0-0 6. 0-0 Nbd7 7. Be3 b6 8. Qe2 Bb7 9. d5 c6 10. Rad1 b5 11. dxc6 Bxc6 12. Bd5 Bxd5 13. exd5 b4 14. Na4 Qa5 15. b3 Nxd5 16. Bd4 Bxd4 17. Nxd4 e6 18. Kh1 Qc7 19. f4 N7b6 20. Qd3 Nxa4 21. bxa4 Nc3 22. Nb5 Nxb5 23. axb5 d5 24. Rc1 Qa5 25. Ra1 Rab8 0-1

[Event "Kranj op U18"]
[Site "Kranj"]
[Date "1995.??.??"]
[Round "3"]
[White "Marn, A."]
[Black "Cebasek, Jaka"]
[Result "1/2-1/2"]
[WhiteElo "1795"]
[BlackElo "1650"]
[PlyCount "56"]
[EventDate "1995.??.??"]
[EventType "swiss (rapid)"]
[EventRounds "9"]
[EventCountry "SLO"]
[SourceTitle "EXT 1998"]
[Source "ChessBase"]
[SourceDate "1997.11.17"]
[SourceVersion "1"]
[SourceVersionDate "1997.11.17"]
[SourceQuality "1"]

1. e4 e5 2. Nf3 Nc6 3. Bc4 Bc5 4. c3 Nf6 5. d4 exd4 6. cxd4 Bb4+ 7. Nc3 Nxe4 8. 0-0 Nxc3 9. bxc3 Bxc3 10. Ba3 d6 11. Rc1 Ba5 12. Qa4 a6 13. Bd5 Bb6 14. Bxc6+ bxc6 15. Qxc6+ Bd7 16. Rfe1+ Kf8 17. Qd5 Be6 18. Qh5 Bxa2 19. Ng5 Qf6 20. Nxh7+ Rxh7 21. Qxh7 g6 22. Qh6+ Kg8 23. Qd2 Bd5 24. Rcd1 Kg7 25. Qe3 Rh8 26. Bb2 Qh4 27. h3 Rh5 28. Qd3 Rg5 1/2-1/2